LIBRARY & INFORMATION CENTRE, KCAET, TAVANUR

ONLINE PUBLIC ACCESS CATALOGUE (OPAC)

Development and performance evaluation of cocoa fermenter (Record no. 16321)

MARC details
000 -LEADER
fixed length control field 00515nam a22001817a 4500
003 - CONTROL NUMBER IDENTIFIER
control field OSt
082 ## - DEWEY DECIMAL CLASSIFICATION NUMBER
Classification number 664
Item number ARY/DE
100 ## - MAIN ENTRY--AUTHOR NAME
Personal name Aryasree, N. V
100 ## - MAIN ENTRY--AUTHOR NAME
Personal name Diya, N. Sabu
100 ## - MAIN ENTRY--AUTHOR NAME
Personal name Meera Madhavan, P. S
100 ## - MAIN ENTRY--AUTHOR NAME
Personal name Minu Paul, V
100 ## - MAIN ENTRY--AUTHOR NAME
Personal name Rinu Remold
245 ## - TITLE STATEMENT
Title Development and performance evaluation of cocoa fermenter
260 ## - PUBLICATION, DISTRIBUTION, ETC. (IMPRINT)
Place of publication Tavanur
Name of publisher Department of Processing and Food Engineering
Year of publication 2020
700 ## - ADDED ENTRY--PERSONAL NAME
Personal name Rajesh, G. K
700 ## - ADDED ENTRY--PERSONAL NAME
Personal name Nithya, C
942 ## - ADDED ENTRY ELEMENTS (KOHA)
Koha item type Project Report
Holdings
Collection code Home library Current library Shelving location Full call number Accession Number Koha item type
General Books KAUAET KAUAET Reference 664 ARY/DE P 482 Project Report
free website counter